Doña Inés: novela

Guardat en:
Dades bibliogràfiques
Autor principal: Azorín Martínez Ruiz, José (autor)
Format: Llibre
Idioma:espanyol
Publicat: Madrid Compañía Ibero-Americana de Publicaciones 1929
Col·lecció:<El >Libro Para Todos, 150
Matèries:
Etiquetes: Afegir etiqueta
Sense etiquetes, Sigues el primer a etiquetar aquest registre!

MARC

LEADER 00000nam a2200000 a 4500
001 UCZ6009
003 CL-VaPUC
008 951130e19290000SP |||||||||||||||||spa|d
082 0 4 |a 863  |b AZO  |2 21 
100 |a Azorín  |e autor  |q Martínez Ruiz, José  |9 863023 
245 1 0 |a Doña Inés: novela 
300 |a 155 p 
942 |c BK 
945 |d 19951130 00:00:00  |a rleighto 
260 |a Madrid  |b Compañía Ibero-Americana de Publicaciones  |c 1929 
650 0 |a Novelas españolas  |9 265052 
583 |a last modification  |c 19951130 00:00:00  |k Rodrigo Vera 
490 0 |a <El >Libro Para Todos, 150 
999 |c 242274  |d 242272 
952 |0 0  |1 0  |4 0  |6 863_000000000000000_AZO_1929  |7 0  |8 A  |9 255096  |a BIBEDU  |b BIBEDU  |d 2019-11-19  |i 3156184  |o 863 AZO 1929  |p 3156184  |r 2019-11-19  |w 2019-11-19  |y BK  |k LIT